Váš osobní startup připravte se na budoucnost, investujte do sebe, změňte svou kariéru

Enregistré dans:
Détails bibliographiques
Auteur principal: Hoffman, Reid
Autres auteurs: Casnocha, Ben, Mužík, Zdeněk
Format: Livre
Langue:tchèque
Publié: Brno BizBooks/Albatros Media 2013
Sujets:
Tags: Ajouter un tag
Pas de tags, Soyez le premier à ajouter un tag!

MARC

LEADER 00000nam a2200000 4500
001 0217232
005 20240313090551.6
020 |a 978-80-265-0056-8 
041 0 |a cze 
044 |a CZ 
245 1 0 |a Váš osobní startup  |b připravte se na budoucnost, investujte do sebe, změňte svou kariéru  |c Reid Hoffman, Ben Casnocha ; překlad: Zdeněk Mužík 
264 1 |a Brno  |b BizBooks/Albatros Media  |c 2013 
300 |a 224 s. 
610 2 0 |a podnikanie 
610 2 0 |a osobnosť 
610 2 0 |a start-up 
610 2 0 |a stratégia podnikateľská 
610 2 0 |a myslenie ekonomické 
610 2 0 |a vzťahy ekonomické 
610 2 0 |a výhody konkurenčné 
610 2 0 |a príležitosť pracovná 
610 2 0 |a úspech pracovný 
100 1 |a Hoffman, Reid 
700 1 |a Casnocha, Ben 
700 1 |a Mužík, Zdeněk